Subdivision capitals closest to Sumi (UA) - Statistics

General Stats
  • This quiz has been taken 7 times
  • The average score is 12 of 20
Answer Stats
Distance (km) Answer % Correct
9 272 Dnjipro
100%
16 388 Donjeck
100%
3 144 Harkiv
100%
11 312 Homel
100%
10 306 Kijiv
100%
19 415 Luhansk
100%
1 130 Belgorod
50%
8 263 Brijansk
50%
7 254 Čerkasi
50%
6 252 Černjihiv
50%
17 412 Kaluga
50%
13 323 Kropivnjickij
50%
2 135 Kursk
50%
5 245 Orel
50%
4 148 Poltava
50%
18 412 Tula
50%
12 318 Voronjež
50%
14 341 Zaporižja
50%
20 439 Žitomir
25%
15 381 Lipeck
0%
No matching quizzes found
Score Distribution
Percent of People with Each Score
Percentile by Number Answered
Your Score History
You have not taken this quiz